Growing Up in Islam. (Record no. 3808)

MARC details
000 -LEADER
fixed length control field 00575nam a2200241 a 4500
020 ## - INTERNATIONAL STANDARD BOOK NUMBER
ISBN
082 00 - DEWEY DECIMAL CLASSIFICATION NUMBER
Classification number 297
Author Cutter IRV
100 ## - MAIN ENTRY--AUTHOR NAME
Author name Irving, T B
245 ## - TITLE STATEMENT
Title Growing Up in Islam.
260 ## - PUBLICATION, DISTRIBUTION, ETC. (IMPRINT)
Place of publication England
Name of publisher Islamic Foundation
Year of publication 1974
300 ## - PHYSICAL DESCRIPTION
Number of Pages 8p.
500 ## - GENERAL NOTE
General note includes index and biblioraphy
505 2# - FORMATTED CONTENTS NOTE
Formatted contents note perspectives of islam-3
650 ## - SUBJECT ADDED ENTRY--TOPICAL TERM
Topical Term Islam-Miscellany
942 ## - ADDED ENTRY ELEMENTS (KOHA)
Koha item type Books
700 1# -
-- Irving, T B
Holdings
Collection code Home library Current library Date acquired Cost, normal purchase price Full call number Accession Number Koha item type
  Henry Martyn Institute Library Henry Martyn Institute Library 07/27/2007 100.00 297 IRV 08875 Books
                   Copyright © 2026 | Henry Martyn Institute | Hyderabad | TS-500052 | INDIA | Implemented by hmi.edu.in
Hit-Count:

Powered by Koha